Žiť sa dá len autobiograficky

Bibliographic Details
Main Author: Kadlečík, Ivan, 1938-2014 (Author)
Format: Book
Language:Slovak
PhysicalDescription:171 s. fotogr. 20 cm
Published: Levice Koloman Kertéz Bagala 2004
ISBN:8089129420
Edition:1. vyd.
Series:Pamäti
Subjects:

MARC

LEADER 00000nam a2200000 a 4500
001 vtls008420971
003 SK-MaSNL
005 20260301165236.0
008 240314s2004 xo o g 000 0aslo
015 |a SNBA2006/05-02967 
020 |a 8089129420  |q (viaz.) 
040 |a SNK  |b slo  |c SNK  |e AACR2 
041 0 |a slo 
043 |a e-xo--- 
044 |a xo  |c SK 
072 7 |a 929  |x Biografie  |2 konspekt 
080 |a 821.162.4-94  |2 2001 
080 |a 316.72/.75-027.22  |2 2001 
080 |a (092)  |2 2001 
080 |a (437.6)  |2 2001 
080 |a 929  |2 2001 
100 1 |a Kadlečík, Ivan,  |d 1938-2014  |4 aut  |9 158250 
245 1 0 |a Žiť sa dá len autobiograficky  |c Ivan Kadlečík 
250 |a 1. vyd. 
260 |a Levice  |b Koloman Kertéz Bagala  |c 2004 
300 |a 171 s.  |b fotogr.  |c 20 cm 
490 1 |a Pamäti 
500 |a Fotogr. na front. 
504 |a Bibliogr. odkazy. Edičná pozn. 
600 1 7 |a Kadlečík, Ivan,  |d 1938-2014  |2 SNKPH  |9 158250 
650 0 7 |a kultúrny život  |z Slovensko  |2 SNKPH  |9 356652 
650 0 7 |a osobnosti  |2 SNKPH  |9 29820 
655 7 |a autobiografie  |2 SNKPH  |9 70280 
830 0 |a Pamäti  |9 282823 
919 |a 80-89129-42-0 
999 |c 823539  |d 825469 
952 |a SNK  |b SNK  |y PREZ  |7 0  |p 17A0499594  |o snkSD 75483  |i snk2006/4730  |8 0  |0 0  |1 0  |4 0  |d 2006-03-03  |l 0  |r 2025-11-24 00:00:00  |w 2026-02-24 
952 |a SNK  |b SNK  |y VYP  |7 0  |p 17A0499593  |o snkSD 75483 D1  |i snk2006/4731  |8 0  |0 0  |1 0  |4 0  |d 2006-03-03  |l 0  |r 2017-06-30 00:00:00  |w 2026-02-24